Broadway Show Logos Quiz Stats

 Plays Quiz Updated Jun 8, 2015

Challenge
Share
Tweet
Score 0/25 Timer 04:00
9 Plays Today
% Correct
Disney's The Lion King
98.4%
The Phantom of the Opera
97.4%
Mary Poppins
96.7%
Cats
95.5%
Wicked
94.7%
Disney's Beauty and the Beast
92.7%
Les Misérables
91.6%
Disney's Aladdin
91.3%
Hairspray
88.8%
West Side Story
79.2%
Jersey Boys
78.2%
Mamma Mia!
75.4%
Grease
72.6%
% Correct
Avenue Q
69.5%
Newsies
66.8%
Kinky Boots
63.6%
Miss Saigon
53.7%
Evita
53.4%
Dreamgirls
50.1%
The Book of Mormon
45.3%
Godspell
33.4%
Once
29.6%
Jesus Christ Superstar
29.1%
Aida
27.9%
Thoroughly Modern Millie
27.2%

You're not logged in!

Compare scores with friends on all Sporcle quizzes.
Join for Free
OR
Log In

You Might Also Like...

Show Comments

Extras

Top Quizzes Today


Score Distribution

Your Account Isn't Verified!

In order to create a playlist on Sporcle, you need to verify the email address you used during registration. Go to your Sporcle Settings to finish the process.

Report this User

Report this user for behavior that violates our Community Guidelines.

Details: